| 000 -LEADER |
| fixed length control field |
00608cam a22001935i 4500 |
| 020 ## - INTERNATIONAL STANDARD BOOK NUMBER |
| ISBN |
9789291152964 (printed) |
| 020 ## - INTERNATIONAL STANDARD BOOK NUMBER |
| ISBN |
9789291152971 (electronic) |
| 040 ## - CATALOGING SOURCE |
| Transcribing agency |
DLC |
| 082 ## - DEWEY DECIMAL CLASSIFICATION NUMBER |
| Classification number |
551 ICI 2014 C142 Or. |
| 245 00 - TITLE STATEMENT |
| Title |
Research insights on climate and water in the Hindu Kush Himalayas / |
| 300 ## - PHYSICAL DESCRIPTION |
| Number of Pages |
xi, 164 pages : |
| Other physical details |
illustrations, color maps ; |
| Dimensions |
24 cm |
| 650 #0 - SUBJECT ADDED ENTRY--TOPICAL TERM |
| Topical Term |
Water-supply |
| 650 #0 - SUBJECT ADDED ENTRY--TOPICAL TERM |
| Topical Term |
Water-supply |
| 650 #0 - SUBJECT ADDED ENTRY--TOPICAL TERM |
| Topical Term |
Climatic changes |
| 700 1# - ADDED ENTRY--PERSONAL NAME |
| Personal name |
Vaidya, Ramesh Ananda, |
| 700 1# - ADDED ENTRY--PERSONAL NAME |
| Personal name |
Sharma, Eklabya, |
| 710 2# - ADDED ENTRY--CORPORATE NAME |
| Corporate name or jurisdiction name as entry element |
International Centre for Integrated Mountain Development. |
| 942 ## - ADDED ENTRY ELEMENTS (KOHA) |
| Koha item type |
ADB |
| 952 ## - LOCATION AND ITEM INFORMATION (KOHA) |
| Withdrawn status [LOCAL, KOHA] |
0 |